Signals of recession and recovery : an experiment with monthly (Record no. 501010)

000 -LEADER
fixed length control field 00386cam a22001217a 4500
008 - FIXED-LENGTH DATA ELEMENTS--GENERAL INFORMATION
fixed length control field 180718b1961 xxu||||| |||| 00| 0 eng d
082 ## - DEWEY DECIMAL CLASSIFICATION NUMBER
Classification number T17x73 Sh68
100 ## - MAIN ENTRY--PERSONAL NAME
Personal name Shiskin, Julius
245 ## - TITLE STATEMENT
Title Signals of recession and recovery : an experiment with monthly
Statement of responsibility, etc. by Julius Shiskin
260 ## - PUBLICATION, DISTRIBUTION, ETC.
Place of publication, distribution, etc. New York
Name of publisher, distributor, etc. National Bureau of Economic Research
Date of publication, distribution, etc. 1961
300 ## - PHYSICAL DESCRIPTION
Extent xii,191p.
650 ## - SUBJECT ADDED ENTRY--TOPICAL TERM
Topical term or geographic name entry element Signals
Holdings
Withdrawn status Lost status Damaged status Not for loan Permanent Location Current Location Date acquired Full call number Barcode Date last seen Price effective from Koha item type
        Indian Institute of Public Administration Indian Institute of Public Administration 2018-08-04 T17x73 Sh68 GR4894 2018-08-04 2018-08-04 GR

Powered by Koha